Civilisations antiques - Statistiques

Statistiques générales
  • Ce quiz a été pris 167 fois
  • Le résultat moyen est 12 sur 16
Statistiques - réponses
Civilisation égyptienne Réponse % Correct
Quel était le nom du fleuve qui a joué un rôle crucial dans le développement de la civilisation égyptienne ? Nil
99%
Quel était le nom du système d'écriture utilisé par les anciens Égyptiens ? Hiéroglyphe
97%
Quel était le titre porté par les souverains de l'Égypte antique, qui signifie "grand palais" ? Pharaon
92%
Quelle était la langue principale de l'Empire romain ? Latin
89%
Qui était le fondateur mythique de Rome selon la tradition romaine ? Romulus
87%
Quelle célèbre bataille de la Grèce antique est souvent associée à la distance de 42,195 kilomètres, inspirant ainsi une épreuve sportive moderne ? La bataille de Marathon
86%
Quelle ancienne ville mésopotamienne était célèbres pour ses jardins suspendus ? Babylone
85%
Quel était le nom de la déesse grecque de la sagesse, de la guerre stratégique et de l'artisanat ? Athéna
83%
Quel est le nom du célèbre pharaon dont la tombe a été découverte pratiquement intacte en 1922 dans la vallée des Rois ? Toutankhamon
82%
Qui était le héros grec légendaire connu pour son exploit avec le cheval de Troie ? Ulysse
75%
Quel était le nom de l'empereur romain célèbre pour avoir incendié Rome et accusé les chrétiens ? Néron
70%
Quel était le nom de la rivière qui traversait la Mésopotamie ? Euphrate
68%
Quel était le nom du gladiateur qui est devenu célèbre pour sa révolte contre Rome ? Spartacus
64%
Quel était le nom du lieu où les Grecs se réunissaient pour discuter de politique, de philosophie et de culture ? Agora
57%
Quel était le nom du système d'écriture utilisé par les anciens Mésopotamiens ? Cunéiforme
38%
Quel était le nom du célèbre roi mésopotamien, connu pour ses lois justes et sa sagesse ? Hammourabi
12%
Aucun quiz correspondant
Distribution des résultats
% des personnes avec chaque résultat
Percentile par nombre de réponses
Votre historique - résultats
Vous n’avez pas pris ce quiz